00328pab a2200121 454500008004000000100001300040245005900053260000900112300001500121362001200136650001400148773004400162180718b1962 xxu||||| |||| 00| 0 eng d aNath, V. aThe role of technical departments under Panchayati Raj c1962 ap.512-521. aOct-Dec aPanchayat aIndian Journal of Public Administration